00790cam a2200217 a 4500020003800000020003500038040000900073082002600082245010900108260007600217300004300293500003500336650002200371650002200393650001000415650001000425700003500435700002700470700002500497710005000522 a9780896297951 (pbk. : alk. paper) a0896297950 (pbk. : alk. paper) cDNAL00a338 IPR 2013 C150 Or.00aGenetically modified crops in Africa :beconomic and policy lessons from countries south of the Sahara / aWashington, DC :bInternational Food Policy Research Institute,cc2013. axiv, 244 p. :billustrations ;c23 cm. a"A peer-reviewed publication." 0aTransgenic plants 0aTransgenic plants 0aCrops 0aCrops1 aFalck-Zepeda, José Benjamin.1 aGruère, Guillaume P.1 aSithole-Niang, Idah.2 aInternational Food Policy Research Institute.